Score 0/20 Timer 04:00
0 Plays Today
% Correct
Niles Crane
Frasier
94.6%
Woody Boyd
Cheers
93.2%
Cosmo Kramer
Seinfeld
92.2%
Robert Barone
Everybody Loves Raymond
91.6%
Radar O’Reilly
MASH
89.7%
Phil Dunphy
Modern Family
86.3%
Jack McFarland
Will & Grace
82.6%
Cameron Tucker
Modern Family
81.2%
Barney Fife
The Andy Griffin Show
80.9%
Louie De Palma
Taxi
79.9%
% Correct
Lou Grant
The Mary Tyler Moore Show
75.7%
Ari Gold
Entourage
73.5%
Michael Stivic
All in the Family
72.1%
Jim Ignatowski
Taxi
69.1%
Dan Fielding
Night Court
68.4%
Ted Baxter
The Mary Tyler
Moore Show
66.7%
John Cage
Ally McBeal
57.3%
Gary Walsh
Veep
49.5%
Gene Cousineau
Barry
45.9%
Artie
The Larry Sanders Show
40.8%
Remove Ads.
Support Sporcle.
Get the best of Sporcle when you Go Orange. This ad-free experience offers more features, more stats, and more fun while also helping to support Sporcle. Thank you for becoming a member.

You're not logged in!

Compare scores with friends on all Sporcle quizzes.
OR
Log In

Show Comments

Extras

Top Quizzes Today


Score Distribution

Your Account Isn't Verified!

In order to create a playlist on Sporcle, you need to verify the email address you used during registration. Go to your Sporcle Settings to finish the process.

Report this User

Report this user for behavior that violates our Community Guidelines.

Details: